<?xml version="1.0" encoding="UTF-8"?>
<collection xmlns="http://www.loc.gov/MARC21/slim">
 <record>
  <leader>01444nam a22002177a 4500</leader>
  <controlfield tag="001">NCT_72911</controlfield>
  <controlfield tag="008">191216b        xxu||||| |||| 00| 0 vie d</controlfield>
  <datafield tag="999" ind1=" " ind2=" ">
   <subfield code="c">3552</subfield>
   <subfield code="d">3552</subfield>
  </datafield>
  <datafield tag="020" ind1=" " ind2=" ">
   <subfield code="a"> 9786045881071</subfield>
   <subfield code="c">388500</subfield>
  </datafield>
  <datafield tag="082" ind1="0" ind2="4">
   <subfield code="2">23rd ed.</subfield>
   <subfield code="a">959.779</subfield>
   <subfield code="b">Gi111/T.2</subfield>
  </datafield>
  <datafield tag="100" ind1="1" ind2=" ">
   <subfield code="a">Trần Văn Giàu</subfield>
   <subfield code="e">Chủ biên</subfield>
  </datafield>
  <datafield tag="245" ind1="1" ind2="0">
   <subfield code="a">Địa chí văn hóa thành phố Hồ Chí Minh</subfield>
   <subfield code="c">Trần Văn Giàu, Trần Bạch Đằng (chủ biên)</subfield>
   <subfield code="n">Tập II </subfield>
   <subfield code="p">Văn học - báo chí - giáo dục</subfield>
  </datafield>
  <datafield tag="260" ind1=" " ind2=" ">
   <subfield code="a">Tp Hồ Chí Minh</subfield>
   <subfield code="b">Tổng hợp Tp Hồ Chí Minh</subfield>
   <subfield code="c">2018</subfield>
  </datafield>
  <datafield tag="300" ind1=" " ind2=" ">
   <subfield code="a">872 tr.</subfield>
   <subfield code="b">minh họa</subfield>
   <subfield code="c">27cm</subfield>
  </datafield>
  <datafield tag="520" ind1="3" ind2=" ">
   <subfield code="a">Sách không trình bày toàn bộ lịch sử văn học  của thành phố mà chỉ nhằm nêu lên một số đặc điểm, một số vấn đề của nền văn học ấy, xem như là bộ phận khăng khít của văn học dân tộc Việt Nam.</subfield>
  </datafield>
  <datafield tag="653" ind1=" " ind2=" ">
   <subfield code="a">Kinh tế chính trị</subfield>
  </datafield>
  <datafield tag="700" ind1="1" ind2=" ">
   <subfield code="a">Trần Bạch Đằng</subfield>
   <subfield code="e">chủ biên</subfield>
  </datafield>
  <datafield tag="942" ind1=" " ind2=" ">
   <subfield code="2">ddc</subfield>
   <subfield code="c">BK</subfield>
  </datafield>
  <datafield tag="952" ind1=" " ind2=" ">
   <subfield code="0">0</subfield>
   <subfield code="1">0</subfield>
   <subfield code="2">ddc</subfield>
   <subfield code="4">0</subfield>
   <subfield code="6">959_779000000000000_GI111_T_2</subfield>
   <subfield code="7">0</subfield>
   <subfield code="9">18386</subfield>
   <subfield code="a">000001</subfield>
   <subfield code="b">000001</subfield>
   <subfield code="d">2019-12-16</subfield>
   <subfield code="o">959.779 Gi111/T.2</subfield>
   <subfield code="p">MD.16257</subfield>
   <subfield code="r">2019-12-16</subfield>
   <subfield code="v">388500.00</subfield>
   <subfield code="w">2019-12-16</subfield>
   <subfield code="y">BK</subfield>
  </datafield>
  <datafield tag="952" ind1=" " ind2=" ">
   <subfield code="0">0</subfield>
   <subfield code="1">0</subfield>
   <subfield code="2">ddc</subfield>
   <subfield code="4">0</subfield>
   <subfield code="6">959_779000000000000_GI111_T_2</subfield>
   <subfield code="7">0</subfield>
   <subfield code="9">18387</subfield>
   <subfield code="a">000001</subfield>
   <subfield code="b">000001</subfield>
   <subfield code="d">2019-12-16</subfield>
   <subfield code="o">959.779 Gi111/T.2</subfield>
   <subfield code="p">MD.16258</subfield>
   <subfield code="r">2019-12-16</subfield>
   <subfield code="v">388500.00</subfield>
   <subfield code="w">2019-12-16</subfield>
   <subfield code="y">BK</subfield>
  </datafield>
  <datafield tag="980" ind1=" " ind2=" ">
   <subfield code="a">Thư viện Trường Đại học Nam Cần Thơ</subfield>
  </datafield>
 </record>
</collection>
